000 00480nam a2200169Ia 4500
008 240729s9999 xx 000 0 und d
022 _a2332-2098
245 0 _aHybrid Pedagogy
260 _aUnited States
260 _bHybrid Pedagogy Inc.
650 _a Special aspects of education | Education
650 _a Theory and practice of education
650 _aEducation
856 _uhttps://doaj.org/toc/0719056ec2e34e50b6da6b8d7fa9b029
942 _2ddc
942 _cDOAJEJ
999 _c69662
_d69662
945 _a1
_bMadushi Gamage
_c1
_dMadushi Gamage